000
00202 a2200097 4500
001
58804
100
_a
245
_a
Fatigue design handbook, SAE
260
_a
USA
_b
S.A.E
_c
1997
090
_c
36120
_d
36120
942
_a
NUST-CAE
_c
_c
29026
999
_c
293877
_d
293877